00815nam a22002177a 450000500170000001000150001702000260003203500140005803700100007208200110008210000250009324500680011825000060018626000420019227001370023430000200037176000060039194200250039799900190042295201560044120260703110551.0 aENG-148976 a9788197393969c150.00 aEN-132508 bDBAD  a92121 aMishra, Ankit987248 aA Man of Vision & Mission:bProf. Dr. K.P. Yadav/cAnkit Mishra a1 aChhattisgrahbAditi Publicationc2024 aAditi Publication Opp.New Panchajanya Vidya Mandir, Near Tiranga Chowk, Kushalpur,Raipur, Chhattisgrah,INDIAbRaipurk+91 9425210308 a399p.c21cm(pb) b1 2ddccENh921mMISe1 c216849d216849 001040718NFICaDBADbDBADd2026-07-03eDelivery of Books Act Divisiong150.00l0o921 MISpEN-132508r2026-07-03 11:06:14t1v150.00w2026-07-03yEN